| 000 | 00563nam a22001937a 4500 | ||
|---|---|---|---|
| 003 | OSt | ||
| 005 | 20140310181931.0 | ||
| 008 | 130722t xxu||||| |||| 00| 0 eng d | ||
| 050 |
_aM 1378 _b.W927 1965 |
||
| 082 |
_aTR 786.2 _bW89 1965 |
||
| 245 |
_aThe world of modern piano music : _beasy, original pieces by contemporary composers / |
||
| 260 |
_aNew York : _bMusic Corporation of America, _cc1956. |
||
| 300 |
_a64 p. : _bill. ; _c30 cm. |
||
| 521 | _aFaculty | ||
| 541 | _j1 | ||
| 562 | _e1 | ||
| 650 | _aPiano music. | ||
| 942 |
_2lcc _cBK-TR _kTR |
||
| 999 |
_c7359 _d7359 |
||